[Event "World Rapid 2025"]
[Site "Doha QAT"]
[Date "2025.12.28"]
[Round "13.6"]
[White "Dominguez Perez, Leinier"]
[Black "Erdogmus, Yagiz Kaan"]
[Result "1-0"]
[WhiteTitle "GM"]
[BlackTitle "GM"]
[WhiteElo "2738"]
[BlackElo "2658"]
[WhiteFideId "3503240"]
[BlackFideId "44599790"]
[EventDate "2025.12.26"]

1. e4 c5 2. Nf3 d6 3. d4 cxd4 4. Nxd4 Nf6 5. Nc3 a6 6. Be2 e5 7. Nb3 Be7 8. Be3
O-O 9. g4 Be6 10. g5 Nfd7 11. Qd2 b5 12. f4 exf4 13. Bxf4 Nc6 14. O-O-O Nb6 15.
Nd5 Bxd5 16. exd5 Ne5 17. Kb1 Nec4 18. Bxc4 bxc4 19. Na5 Qc7 20. Nc6 Rfc8 21.
Nxe7+ Qxe7 22. Qb4 Nxd5 23. Rxd5 Qe4 24. Rhd1 Qxf4 25. Qxd6 Qxd6 26. Rxd6 g6 27.
h4 Rc7 28. c3 h6 29. Kc2 hxg5 30. hxg5 Kg7 31. R1d5 a5 32. a4 Re7 33. Rc6 Re2+
34. Rd2 Re4 35. Rc7 Rf4 36. Rc5 Ra7 37. Rdd5 Rf2+ 38. Kb1 Rf5 39. Rxf5 gxf5 40.
Rxf5 Kg6 41. Rc5 Ra6 42. Kc2 Kh5 43. b3 cxb3+ 44. Kxb3 Kg4 45. Kc4 Kf4 46. Kb5
Ra8 47. Kb6 Ke4 48. Rxa5 Rg8 49. Rc5 Rg6+ 50. Kb7 f5 51. gxf6 Rxf6 52. a5 Rf7+
53. Rc7 Rf1 54. a6 Rb1+ 55. Kc8 Kd5 56. a7 1-0

[Event "World Rapid 2025"]
[Site "Doha QAT"]
[Date "2025.12.28"]
[Round "13.7"]
[White "Sevian, Samuel"]
[Black "Nepomniachtchi, Ian"]
[Result "1-0"]
[WhiteTitle "GM"]
[BlackTitle "GM"]
[WhiteElo "2688"]
[BlackElo "2723"]
[WhiteFideId "2040506"]
[BlackFideId "4168119"]
[EventDate "2025.12.26"]

1. d4 Nf6 2. c4 e6 3. Nc3 Bb4 4. e3 O-O 5. Bd3 d5 6. Nf3 c5 7. O-O dxc4 8. Bxc4
Nc6 9. a3 Ba5 10. dxc5 Bxc3 11. bxc3 Qa5 12. Qe2 Qxc5 13. a4 Rd8 14. Ba3 Qa5 15.
e4 Ne5 16. Be7 Rd7 17. Bxf6 gxf6 18. Bb5 Rd8 19. Nxe5 fxe5 20. Qg4+ Kf8 21. Rad1
Qc7 22. Qg5 Bd7 23. Rxd7 Rxd7 24. Bxd7 Qxd7 25. Qxe5 Rc8 26. h4 Qc7 27. Qh8+ Ke7
28. Qxh7 Qe5 29. f4 Qxc3 30. e5 Qg3 31. Qe4 Rc3 32. Qxb7+ Kf8 33. Qxa7 Qxh4 34.
Qa5 Rb3 35. Qe1 Qd8 36. a5 Qd4+ 37. Kh2 Ra3 38. Qh4 Rxa5 39. Rb1 Qa7 40. Rb8+ 1-0

[Event "World Rapid 2025"]
[Site "Doha QAT"]
[Date "2025.12.28"]
[Round "13.8"]
[White "Caruana, Fabiano"]
[Black "Lu, Shanglei"]
[Result "1/2-1/2"]
[WhiteTitle "GM"]
[BlackTitle "GM"]
[WhiteElo "2795"]
[BlackElo "2643"]
[WhiteFideId "2020009"]
[BlackFideId "8603332"]
[EventDate "2025.12.26"]

1. e4 c5 2. Nf3 e6 3. d3 Nc6 4. g3 Nf6 5. Bg2 d5 6. Qe2 Be7 7. O-O O-O 8. e5 Nd7
9. c4 a6 10. Nc3 d4 11. Ne4 Ndxe5 12. Nxe5 Nxe5 13. Nxc5 Bxc5 14. Qxe5 Qd6 15.
Qh5 a5 16. Bf4 Qe7 17. Rfe1 f6 18. h4 Ra7 19. Re2 b6 20. Rae1 Qf7 21. Qxf7+ Kxf7
22. Bd2 Re8 23. a3 a4 24. f4 h5 25. f5 e5 26. Be4 Bb7 27. Kf2 Bxe4 28. Rxe4 b5
29. cxb5 Rb8 30. Rc1 Rxb5 31. Rc2 g6 32. g4 hxg4 33. fxg6+ Kxg6 34. Rxg4+ Kf5
35. Rg3 Rh7 36. Rh3 e4 37. dxe4+ Kxe4 38. Ke2 Rg7 39. Be1 Rg2+ 40. Kd1 Rxc2 41.
Kxc2 d3+ 42. Rxd3 Rxb2+ 43. Kxb2 Kxd3 44. h5 Bf8 45. Bh4 Bg7 46. h6 Bxh6 47.
Bxf6 Bf8 48. Bh8 Bxa3+ 49. Kxa3 1/2-1/2

[Event "World Rapid 2025"]
[Site "Doha QAT"]
[Date "2025.12.28"]
[Round "13.9"]
[White "Lazavik, Denis"]
[Black "Abdusattorov, Nodirbek"]
[Result "1/2-1/2"]
[WhiteTitle "GM"]
[BlackTitle "GM"]
[WhiteElo "2605"]
[BlackElo "2732"]
[WhiteFideId "13515110"]
[BlackFideId "14204118"]
[EventDate "2025.12.26"]

1. Nf3 d5 2. b3 Nf6 3. Bb2 Bf5 4. d3 c5 5. g3 Nc6 6. Bg2 Qc7 7. O-O Rd8 8. Nbd2
e5 9. Qe1 Be7 10. e4 dxe4 11. dxe4 Be6 12. Ng5 Bc8 13. Nc4 O-O 14. Nf3 Nd4 15.
Rc1 Ng4 16. h3 b5 17. Nxd4 exd4 18. Qa5 Qc6 19. Na3 Ne5 20. Nxb5 Qh6 21. Nxd4
Rxd4 22. Bxd4 Nc6 23. Be3 Qxe3 24. Qc7 Qh6 25. e5 Nd4 26. Qxe7 Ne2+ 27. Kh2 Nxc1
28. Qxc5 Qd2 29. Be4 Qe2 30. Bg2 Qd2 31. Be4 Qe2 32. Bg2 Qd2 1/2-1/2

[Event "World Rapid 2025"]
[Site "Doha QAT"]
[Date "2025.12.28"]
[Round "13.10"]
[White "Mamedyarov, Shakhriyar"]
[Black "Sarana, Alexey"]
[Result "1-0"]
[WhiteTitle "GM"]
[BlackTitle "GM"]
[WhiteElo "2730"]
[BlackElo "2673"]
[WhiteFideId "13401319"]
[BlackFideId "24133795"]
[EventDate "2025.12.26"]

1. c4 e6 2. Nc3 d5 3. d4 Nf6 4. Bg5 dxc4 5. e3 c5 6. Bxf6 Qxf6 7. d5 a6 8. Bxc4
Nd7 9. dxe6 fxe6 10. Nf3 Be7 11. Ne4 Qxb2 12. Rb1 Qa3 13. O-O Nf6 14. Nd6+ Bxd6
15. Qxd6 Qa4 16. Bxe6 Qc6 17. Bf7+ 1-0

[Event "World Rapid 2025"]
[Site "Doha QAT"]
[Date "2025.12.28"]
[Round "13.11"]
[White "Dubov, Daniil"]
[Black "Makarian, Rudik"]
[Result "1-0"]
[WhiteTitle "GM"]
[BlackTitle "GM"]
[WhiteElo "2672"]
[BlackElo "2524"]
[WhiteFideId "24126055"]
[BlackFideId "44105681"]
[EventDate "2025.12.26"]

1. e4 e5 2. Bc4 Nf6 3. d3 c6 4. Nf3 d6 5. O-O Be7 6. Re1 O-O 7. Nbd2 a5 8. a4 h6
9. Nf1 Re8 10. Ng3 Bf8 11. b3 Nbd7 12. Bb2 Nb6 13. d4 Nxc4 14. bxc4 Bg4 15. h3
Bxf3 16. Qxf3 Qb6 17. Rab1 Qc7 18. Nf5 Nd7 19. c5 dxc5 20. dxe5 Nxe5 21. Qg3 g6
22. f4 Nd7 23. Qc3 f6 24. Qc4+ Kh8 25. Qf7 gxf5 26. Bxf6+ Nxf6 27. Qxc7 Re7 28.
Qd6 Nxe4 29. Qg6 Bg7 30. Qxf5 Rae8 31. Kh2 1-0

[Event "World Rapid 2025"]
[Site "Doha QAT"]
[Date "2025.12.28"]
[Round "13.12"]
[White "Sahidi, Samir"]
[Black "Grischuk, Alexander"]
[Result "1/2-1/2"]
[WhiteTitle "IM"]
[BlackTitle "GM"]
[WhiteElo "2516"]
[BlackElo "2654"]
[WhiteFideId "14936372"]
[BlackFideId "4126025"]
[EventDate "2025.12.26"]

1. e4 c5 2. Nf3 d6 3. Bb5+ Nd7 4. d4 cxd4 5. Qxd4 a6 6. Bxd7+ Bxd7 7. O-O Rc8 8.
Nc3 e5 9. Qd3 Be6 10. Rd1 h6 11. Nd5 Nf6 12. Ne3 Qc7 13. Nd2 b5 14. a4 Qc6 15.
axb5 axb5 16. Ra5 Rb8 17. b3 Be7 18. c4 bxc4 19. bxc4 O-O 20. Nd5 Bd8 21. Ra1
Bg4 22. f3 Be6 23. Nf1 Nh5 24. Nfe3 Kh7 25. Bd2 Bg5 26. Kh1 Rfc8 27. Rdc1 Rb7
28. Nf5 Bxd2 29. Qxd2 Bxf5 30. exf5 Rcb8 31. Qd3 Qc5 32. Qe4 Rb2 33. Qg4 Nf6 34.
Nxf6+ gxf6 35. Qh5 Kg7 36. Qg4+ Kh7 37. Qh5 R8b7 38. Qh4 Qf2 39. Qxf2 Rxf2 40.
Rf1 Rc2 41. Ra6 Rbb2 42. Rg1 Rxc4 43. Rxd6 Kg7 44. h3 h5 45. Kh2 Rf4 46. Rd3
Rxf5 47. h4 Rf4 48. Kg3 Rc4 49. Re3 Kg6 50. Rge1 Rcc2 51. Rg1 Rb4 52. Rge1 Rcc4
53. Rh1 Ra4 54. Re2 Rcb4 55. Re3 Kf5 56. Rc3 Rb2 57. Re1 Ra8 58. Kh3 Raa2 59.
Rg1 Rb4 60. Kg3 Ra8 61. Re1 Rb2 62. Rg1 Rd2 63. Rb3 Kg6 64. Re3 Raa2 65. Re4 Rd5
66. Rge1 Raa5 67. Rb4 f5 68. Rb6+ Kg7 69. Rb2 f4+ 70. Kh2 Rdb5 71. Rc2 Ra3 72.
Rd1 Ra7 73. Re2 Rab7 74. Rc1 f6 75. Rd2 Rb1 76. Rxb1 Rxb1 77. g3 fxg3+ 78. Kxg3
Rb3 79. Kg2 Kg6 80. Re2 Rb4 81. Kg3 Kf5 82. Ra2 Rb3 83. Ra5 Rd3 84. Rb5 Ke6 85.
Rb6+ Kf7 86. Kf2 Kg6 87. Ra6 Kf5 88. Rb6 Ra3 89. Rc6 Ra8 90. Rb6 Re8 91. Ke3 Re6
92. Rb4 Rd6 93. Ra4 Ke6 94. Ke4 f5+ 95. Ke3 Rb6 96. Ra3 f4+ 97. Kf2 Rb2+ 98. Kf1
Rh2 99. Kg1 Rd2 100. Ra5 Rc2 101. Kf1 Kd6 102. Rb5 Rc5 103. Rb2 Kd5 104. Rd2+
Kc4 105. Ke2 Ra5 106. Rc2+ Kd5 107. Rd2+ Ke6 108. Rb2 Ra6 109. Kf2 Kf5 110. Rb8
Ra2+ 111. Kf1 Ke6 112. Rb5 Kd6 113. Ke1 Ra3 114. Ke2 Rc3 115. Ra5 Rc5 116. Ra8
Rc2+ 117. Kd3 Rf2 118. Ke4 Re2+ 119. Kf5 Re3 120. Ra5 Re1 121. Rb5 Re2 122. Ra5
Re3 123. Rb5 Rxf3 124. Rxe5 Rf1 125. Ra5 f3 126. Kf4 f2 127. Kf3 Rh1 128. Kxf2
Rxh4 129. Kg3 Rd4 130. Rxh5 Rd5 131. Rxd5+ Kxd5 1/2-1/2

[Event "World Rapid 2025"]
[Site "Doha QAT"]
[Date "2025.12.28"]
[Round "13.13"]
[White "Bjerre, Jonas Buhl"]
[Black "Nihal, Sarin"]
[Result "1/2-1/2"]
[WhiteTitle "GM"]
[BlackTitle "GM"]
[WhiteElo "2623"]
[BlackElo "2701"]
[WhiteFideId "1444948"]
[BlackFideId "25092340"]
[EventDate "2025.12.26"]

1. e4 g6 2. d4 Bg7 3. Nc3 d6 4. Be3 Nd7 5. g4 a6 6. h4 h6 7. Bg2 b5 8. g5 hxg5
9. h5 Nf8 10. Bxg5 Bb7 11. Nd5 Qd7 12. hxg6 Nxg6 13. Rxh8 Bxh8 14. Bh3 e6 15.
Qh5 Kf8 16. O-O-O Re8 17. f4 Bxd5 18. exd5 Nf6 19. Bxf6 Bxf6 20. dxe6 Qe7 21. f5
Nf4 22. Qh6+ Kg8 23. Nf3 Nxh3 24. Qxh3 fxe6 25. Rg1+ Kf8 26. Re1 e5 27. dxe5
dxe5 28. Nd4 exd4 29. Rxe7 Kxe7 30. Qh7+ Kd8 31. Qf7 Be5 32. Qd5+ Bd6 33. Qa8+
Kd7 34. Qxa6 Re5 35. f6 Ke6 36. Qa7 Rc5 37. Qb8 d3 38. Qg8+ Kxf6 39. Qh8+ Kg6
40. Qe8+ Kf6 41. Qh8+ Kg6 42. Qg8+ Kf6 43. c3 Rg5 44. Qh8+ Kg6 45. Qe8+ Kf6 46.
Qe4 Rg3 47. b4 1/2-1/2

[Event "World Rapid 2025"]
[Site "Doha QAT"]
[Date "2025.12.28"]
[Round "13.14"]
[White "Praggnanandhaa, R"]
[Black "Aravindh, Chithambaram VR."]
[Result "1/2-1/2"]
[WhiteTitle "GM"]
[BlackTitle "GM"]
[WhiteElo "2761"]
[BlackElo "2703"]
[WhiteFideId "25059530"]
[BlackFideId "5072786"]
[EventDate "2025.12.26"]

1. d4 Nf6 2. Bf4 d5 3. e3 c5 4. Nf3 Nc6 5. c3 e6 6. Nbd2 Nh5 7. Bg5 f6 8. Bh4
cxd4 9. Nxd4 g6 10. Bb5 Bd7 11. O-O Be7 12. e4 Nxd4 13. Bxd7+ Qxd7 14. cxd4 O-O
15. Re1 dxe4 16. Rxe4 Ng7 17. f3 Rfc8 18. Bf2 Rc6 19. Re2 Rd8 20. Ne4 f5 21. Nc3
Bf6 22. Rd2 Rd6 23. Ne2 e5 24. Qb3+ Qf7 25. Qxf7+ Kxf7 26. Rad1 exd4 27. Nxd4 a6
28. Kf1 Be5 29. g3 g5 30. Ke2 g4 31. Be3 Kg6 32. b4 h5 33. Nb3 Rxd2+ 34. Rxd2
Rxd2+ 35. Bxd2 Ne6 36. a4 b5 37. axb5 axb5 38. fxg4 fxg4 39. Kd3 Kf5 40. Be3 Bd6
41. Bc5 Be5 42. Be7 Bg7 43. Bd6 Bf6 44. Nd2 Be5 45. Bxe5 Kxe5 46. Ne4 Nc7 47.
Nc3 Nd5 48. Nxb5 Nxb4+ 1/2-1/2

[Event "World Rapid 2025"]
[Site "Doha QAT"]
[Date "2025.12.28"]
[Round "13.15"]
[White "Aronian, Levon"]
[Black "Tabatabaei, M. Amin"]
[Result "1/2-1/2"]
[WhiteTitle "GM"]
[BlackTitle "GM"]
[WhiteElo "2729"]
[BlackElo "2700"]
[WhiteFideId "13300474"]
[BlackFideId "12521213"]
[EventDate "2025.12.26"]

1. e4 e5 2. Nf3 Nf6 3. Nxe5 d6 4. Nc4 Nxe4 5. Qe2 Qe7 6. Ne3 Nc6 7. Nc3 Nf6 8.
b4 Be6 9. b5 Nd4 10. Qd3 Nf5 11. Be2 g6 12. O-O Bg7 13. Bf3 O-O-O 14. Nxf5 Bxf5
15. Qd4 Kb8 16. Bb2 Rhe8 17. Nd5 Nxd5 18. Qxd5 c6 19. bxc6 Bxb2 20. Rab1 Be4 21.
c7+ Kxc7 22. Qa5+ Kb8 23. Bxe4 Qxe4 24. Rxb2 Rc8 25. c3 Re5 26. Qa3 Qd3 27. Rfb1
Rc7 28. Qb4 h5 29. h3 g5 30. Qa4 f5 31. Qc2 Qxc2 32. Rxc2 f4 33. Rcc1 Rce7 34.
Kf1 Ra5 35. Rb2 Rae5 36. Rb4 Re2 37. Rd1 R2e4 38. a3 Kc7 39. Rdb1 b6 40. f3 Re2
41. Rd4 h4 42. a4 R2e5 43. Rdb4 Kc6 44. Rb5 Rc5 45. Kf2 Ree5 46. R5b4 Ra5 47.
Rc4+ Kd7 48. Rcb4 Kc6 49. Rc4+ Kd7 50. Rcb4 Re6 51. Re1 Rxe1 52. Kxe1 Kc6 53.
Ke2 b5 54. axb5+ Rxb5 55. Ra4 a5 56. Kd3 Rd5+ 57. Kc2 Re5 58. Kd1 Kb5 59. Ra1
Kc4 60. Ra3 Kb5 61. Ra1 Kb6 62. Rb1+ Rb5 63. Ra1 Re5 64. Rb1+ Kc7 65. Ra1 Kc6
66. Ra4 Kb5 67. Ra1 1/2-1/2

[Event "World Rapid 2025"]
[Site "Doha QAT"]
[Date "2025.12.28"]
[Round "13.16"]
[White "Bai, Jinshi"]
[Black "Firouzja, Alireza"]
[Result "0-1"]
[WhiteTitle "GM"]
[BlackTitle "GM"]
[WhiteElo "2599"]
[BlackElo "2762"]
[WhiteFideId "8602280"]
[BlackFideId "12573981"]
[EventDate "2025.12.26"]

1. Nf3 c5 2. c4 Nf6 3. g3 Nc6 4. Bg2 g6 5. Nc3 Bg7 6. d4 cxd4 7. Nxd4 h5 8. h3
O-O 9. O-O Nxd4 10. Qxd4 d6 11. Qh4 Be6 12. Bg5 Rc8 13. b3 Qa5 14. Rac1 Nh7 15.
Bd2 Bf6 16. Qf4 Bg5 17. Qd4 Bxd2 18. Qxd2 Rc7 19. Rfd1 a6 20. Nd5 Qxd2 21. Rxd2
Bxd5 22. Bxd5 Nf6 23. Rcd1 Rfc8 24. Bf3 a5 25. h4 b6 26. Kg2 Ra7 27. Rb1 Kg7 28.
e3 Nd7 29. Be2 Nc5 30. Rd4 Na6 31. a3 Nc5 32. Rb2 Nd7 33. Rd5 Rc5 34. Rd4 Ne5
35. f4 Nd7 36. Bf3 Nf6 37. Rbd2 Rac7 38. Be2 Rc8 39. Rd1 R5c7 40. Kf3 Nd7 41.
Rd5 f5 42. Rb5 Ra7 43. e4 fxe4+ 44. Kxe4 Rc5 45. Ke3 Rxb5 46. cxb5 Rc7 47. Bc4
Kf6 48. Kd4 e6 49. Re1 d5 50. Bd3 Nc5 51. Bc2 Rc8 52. b4 Nb7 53. Bxg6 axb4 54.
axb4 Rc4+ 55. Kd3 Rxb4 56. Bxh5 Rb3+ 57. Kc2 Rxg3 58. Re5 Nc5 59. Rg5 Rh3 60.
Rg6+ Kf5 61. Bg4+ Kxg6 62. Bxh3 Kh5 63. f5 exf5 64. Bxf5 d4 65. Kd2 Kxh4 66. Bc8
Kg3 67. Bf5 Kf4 68. Bg6 Ke5 69. Be8 Kd6 70. Ke2 Ne6 71. Kd3 Kc5 72. Bc6 Nc7 73.
Bd7 Nxb5 74. Be6 Nd6 75. Bb3 Nc8 76. Bf7 Ne7 77. Ke4 Nc6 78. Be6 b5 79. Bg8 Na5
80. Kd3 Nc4 81. Be6 Na5 82. Bf7 Nc6 83. Be6 Kd6 84. Bh3 Kc5 85. Be6 b4 86. Ke4
Na5 87. Kd3 b3 88. Bf7 b2 89. Kc2 Nc4 90. Bg6 Kb4 91. Bd3 Ne5 92. Be4 Ka3 93.
Kb1 Nc4 0-1

[Event "World Rapid 2025"]
[Site "Doha QAT"]
[Date "2025.12.28"]
[Round "13.17"]
[White "Gukesh, D"]
[Black "Kadric, Denis"]
[Result "1-0"]
[WhiteTitle "GM"]
[BlackTitle "GM"]
[WhiteElo "2754"]
[BlackElo "2543"]
[WhiteFideId "46616543"]
[BlackFideId "14403803"]
[EventDate "2025.12.26"]

1. d4 d6 2. Nf3 Nf6 3. c4 g6 4. Nc3 Bf5 5. Qb3 b6 6. g3 Bg7 7. Bg2 Nc6 8. O-O
O-O 9. Qd1 Ne4 10. Nd5 Bd7 11. Qd3 f5 12. Be3 e6 13. Nc3 Nxc3 14. Qxc3 e5 15.
dxe5 dxe5 16. c5 Qe7 17. cxb6 cxb6 18. Qc4+ Kh8 19. Rfd1 e4 20. Nd4 Ne5 21. Qc7
Rfc8 22. Qb7 Qe8 23. Bd2 Nc6 24. Bc3 Na5 25. Qd5 Rc5 26. Qd6 Be5 27. Ne6 Qxe6
28. Bxe5+ Rxe5 29. Qxd7 Qxd7 30. Rxd7 Nc6 31. f3 Rae8 32. fxe4 fxe4 33. Rc1 R8e7
34. Rxe7 Nxe7 35. Rc4 e3 36. Be4 Nf5 37. Bd3 Re7 38. Kg2 Kg7 39. Kf3 Nd6 40. Rd4
Nf7 41. h4 Ne5+ 42. Kf4 h6 43. Be4 b5 44. b3 Nf7 1-0

[Event "World Rapid 2025"]
[Site "Doha QAT"]
[Date "2025.12.28"]
[Round "13.18"]
[White "Yu, Yangyi"]
[Black "Nogerbek, Kazybek"]
[Result "1/2-1/2"]
[WhiteTitle "GM"]
[BlackTitle "GM"]
[WhiteElo "2717"]
[BlackElo "2539"]
[WhiteFideId "8603820"]
[BlackFideId "13710427"]
[EventDate "2025.12.26"]

1. e4 e5 2. Nf3 Nc6 3. Bb5 a6 4. Ba4 Nf6 5. d3 b5 6. Bb3 Bc5 7. c3 d6 8. Bg5 h6
9. Bh4 Bb6 10. a4 Rb8 11. axb5 axb5 12. Na3 Bd7 13. Nxb5 Bxf2+ 14. Bxf2 Rxb5 15.
O-O Qb8 16. Nd2 O-O 17. h3 Nh7 18. Ba4 Rb7 19. b4 Qe8 20. Bb3 Be6 21. Ba4 Bd7
22. Nf3 Ne7 23. Bb3 Ng6 24. Nh4 Nxh4 25. Bxh4 Be6 26. Ba4 Bd7 27. Bc2 Ng5 28.
Bxg5 hxg5 29. Qh5 f6 30. Bb3+ Be6 31. Qxe8 Rxe8 32. Bxe6+ Rxe6 33. Ra8+ Kf7 34.
Rfa1 c5 35. R8a7 Ree7 36. Rxb7 Rxb7 37. Rb1 cxb4 38. cxb4 Ke6 39. Kf2 d5 40. Kf3
Kd6 41. g3 g6 42. h4 gxh4 43. gxh4 Rb5 44. Kg4 Ke6 45. Rb2 dxe4 46. dxe4 f5+ 47.
Kg5 fxe4 48. Kxg6 e3 49. h5 e2 50. Rxe2 Rxb4 51. Rg2 e4 52. h6 Ke5 53. h7 Rb8
54. Rh2 e3 55. h8=Q+ Rxh8 56. Rxh8 Kf4 57. Rf8+ Kg4 58. Re8 Kf3 59. Kf5 e2 60.
Rxe2 1/2-1/2

[Event "World Rapid 2025"]
[Site "Doha QAT"]
[Date "2025.12.28"]
[Round "13.19"]
[White "Andreikin, Dmitry"]
[Black "Muradli, Mahammad"]
[Result "1-0"]
[WhiteTitle "GM"]
[BlackTitle "GM"]
[WhiteElo "2710"]
[BlackElo "2581"]
[WhiteFideId "4158814"]
[BlackFideId "13409301"]
[EventDate "2025.12.26"]

1. Nf3 c5 2. b3 Nf6 3. Bb2 g6 4. g3 Bg7 5. Bg2 Nc6 6. c4 d6 7. O-O O-O 8. Nc3 a6
9. d4 cxd4 10. Nxd4 Bd7 11. Nc2 Rb8 12. Nd5 Nxd5 13. Bxg7 Ne3 14. Nxe3 Kxg7 15.
Rc1 Qa5 16. c5 Rfd8 17. cxd6 Be6 18. Bxc6 bxc6 19. Rxc6 Qxa2 20. Qa1+ Qxa1 21.
Rxa1 exd6 22. Raxa6 d5 23. Nc2 d4 24. Rd6 d3 25. exd3 Rdc8 26. Nd4 Bh3 27. Rdc6
Re8 28. Rc1 Rbd8 29. Ra4 Rc8 30. Rac4 Ra8 31. Ra4 Rac8 32. Raa1 Rcd8 33. Rc4 Ra8
34. Rb1 h5 35. b4 Ra3 36. b5 Rxd3 37. b6 Rd2 38. Rcb4 Bc8 39. Nb3 Rdd8 40. b7
Bf5 41. Rc1 Be4 42. Nc5 Bf3 43. Na6 Bxb7 44. Rxb7 1-0

[Event "World Rapid 2025"]
[Site "Doha QAT"]
[Date "2025.12.28"]
[Round "13.20"]
[White "Quparadze, Giga"]
[Black "Maghsoodloo, Parham"]
[Result "0-1"]
[WhiteTitle "GM"]
[BlackTitle "GM"]
[WhiteElo "2502"]
[BlackElo "2708"]
[WhiteFideId "13602250"]
[BlackFideId "12539929"]
[EventDate "2025.12.26"]

1. e4 c5 2. Nf3 d6 3. d4 cxd4 4. Nxd4 Nf6 5. Nc3 a6 6. Be3 e5 7. Nb3 Be7 8. Be2
Be6 9. O-O O-O 10. Bf3 Nbd7 11. a4 Rc8 12. a5 h6 13. Re1 Re8 14. h3 Nf8 15. Nd2
Ng6 16. Nf1 Nh4 17. Bb6 Qd7 18. Ne3 Bd8 19. Bxd8 Qxd8 20. Bg4 Rc5 21. g3 Ng6 22.
Bxe6 Rxe6 23. Nf5 Rxa5 24. Rxa5 Qxa5 25. Nxd6 Qb4 26. Nf5 Qxb2 27. Nd5 a5 28. h4
Kh7 29. h5 Nf8 30. Nxf6+ Rxf6 31. Qd8 Qb4 32. Rd1 Ne6 33. Qe8 Qf8 34. Qb5 Qc5
35. Qxb7 Qxc2 36. Rf1 Ng5 37. Qb8 Nh3+ 38. Kg2 Qxe4+ 39. Kxh3 Rxf5 0-1

[Event "World Rapid 2025"]
[Site "Doha QAT"]
[Date "2025.12.28"]
[Round "13.21"]
[White "Martirosyan, Haik M."]
[Black "Grebnev, Aleksey"]
[Result "1/2-1/2"]
[WhiteTitle "GM"]
[BlackTitle "GM"]
[WhiteElo "2625"]
[BlackElo "2632"]
[WhiteFideId "13306553"]
[BlackFideId "34189030"]
[EventDate "2025.12.26"]

1. d4 Nf6 2. c4 e6 3. Nf3 d5 4. Nc3 c5 5. cxd5 cxd4 6. Qxd4 exd5 7. Bg5 Be7 8.
e3 O-O 9. Rd1 Be6 10. Bd3 h6 11. Bh4 Nc6 12. Qa4 Qb6 13. Qb5 g5 14. Bg3 Bb4 15.
O-O Bxc3 16. bxc3 Qxb5 17. Bxb5 Ne4 18. Rc1 1/2-1/2

[Event "World Rapid 2025"]
[Site "Doha QAT"]
[Date "2025.12.28"]
[Round "13.22"]
[White "Meng, Yihan"]
[Black "Alekseenko, Kirill"]
[Result "1-0"]
[WhiteTitle "IM"]
[BlackTitle "GM"]
[WhiteElo "2456"]
[BlackElo "2659"]
[WhiteFideId "8631891"]
[BlackFideId "4135539"]
[EventDate "2025.12.26"]

1. e4 c5 2. Nf3 Nc6 3. d4 cxd4 4. Nxd4 Nf6 5. Nc3 d6 6. Bg5 e6 7. Qd2 a6 8.
O-O-O Bd7 9. f3 Be7 10. h4 b5 11. Nxc6 Bxc6 12. Kb1 Rc8 13. Ne2 Bb7 14. Nd4 Nd7
15. Bd3 Ne5 16. Rhe1 h6 17. Bxe7 Qxe7 18. Qf2 Qf6 19. Nb3 O-O 20. Qb6 Bc6 21.
Na5 Qxh4 22. Rf1 d5 23. f4 Nxd3 24. Nxc6 Nf2 25. Qxf2 Qxf2 26. Ne7+ Kh7 27. Rxf2
Rc7 28. Nxd5 exd5 29. Rxd5 Re8 30. e5 Kg6 31. Rd6+ Kf5 32. Rxa6 Rd8 33. a4 bxa4
34. Rxa4 Rd1+ 35. Ka2 h5 36. Re2 h4 37. c3 Rcd7 38. e6 fxe6 39. Re5+ Kf6 40. Ra6
R1d2 41. Raxe6+ Kf7 42. Re2 Ra7+ 43. Kb1 Rd1+ 44. Kc2 Rf1 45. R6e4 Kf6 46. c4
Kf5 47. c5 Raa1 48. Rc4 Rxf4 49. Rxf4+ Kxf4 50. b4 g5 51. c6 1-0

[Event "World Rapid 2025"]
[Site "Doha QAT"]
[Date "2025.12.28"]
[Round "13.23"]
[White "Mamedov, Rauf"]
[Black "Sanal, Vahap"]
[Result "1/2-1/2"]
[WhiteTitle "GM"]
[BlackTitle "GM"]
[WhiteElo "2645"]
[BlackElo "2546"]
[WhiteFideId "13401653"]
[BlackFideId "6300545"]
[EventDate "2025.12.26"]

1. e4 e5 2. Nf3 Nc6 3. Bc4 Bc5 4. c3 Nf6 5. d3 a6 6. Bb3 O-O 7. Nbd2 h6 8. h3 d5
9. O-O Be6 10. Re1 Re8 11. exd5 Bxd5 12. Ne4 Nxe4 13. dxe4 Bxb3 14. Qxb3 b5 15.
a4 Na5 16. Qc2 Nc4 17. b3 Nd6 18. Qd3 Nb7 19. Qe2 c6 20. Rd1 Qe7 21. Bb2 Bd6 22.
b4 Bc7 23. c4 Qxb4 24. Rd7 Rac8 25. axb5 cxb5 26. cxb5 Nc5 27. Ba3 Qa4 28. Rd5
Nb3 29. Ra2 axb5 30. Qxb5 Qxb5 31. Rxb5 Nd4 32. Rb7 Nxf3+ 33. gxf3 Bd8 34. Rd2
Bf6 35. Kg2 Red8 36. Rd5 Rxd5 37. exd5 Rc3 38. Bb4 Rd3 39. d6 Rd1 40. Bc5 g5 41.
d7 Kg7 42. Bb4 Kg6 43. Ba5 h5 44. Ra7 h4 45. Rb7 Be7 46. Ra7 f6 47. Rb7 Kf5 48.
Ra7 Ke6 49. d8=Q Bxd8 50. Bxd8 Rxd8 51. Ra6+ Rd6 52. Ra8 Kd5 53. Ra5+ Kd4 54.
Ra4+ Kd3 55. Ra3+ Ke2 56. Re3+ Kd2 57. Ra3 Rc6 58. Ra8 Rd6 59. Ra3 Rd5 60. Ra6
f5 61. Rg6 e4 62. fxe4 fxe4 63. Re6 Kd3 64. Re8 Kd4 65. Re7 Rc5 66. Rd7+ Ke5 67.
Re7+ Kf4 68. Rf7+ Rf5 69. Re7 Rf6 70. Re8 Rf7 71. Re6 Rg7 72. Re8 g4 73. Rf8+
Kg5 74. hxg4 Kxg4 75. f3+ exf3+ 76. Rxf3 1/2-1/2

[Event "World Rapid 2025"]
[Site "Doha QAT"]
[Date "2025.12.28"]
[Round "13.24"]
[White "Motylev, Alexander"]
[Black "Kosakowski, Jakub"]
[Result "1-0"]
[WhiteTitle "GM"]
[BlackTitle "GM"]
[WhiteElo "2573"]
[BlackElo "2549"]
[WhiteFideId "4121830"]
[BlackFideId "1185080"]
[EventDate "2025.12.26"]

1. d4 Nf6 2. g3 e6 3. Bg2 d5 4. Nf3 Be7 5. O-O O-O 6. c4 dxc4 7. Qa4 b6 8. Ne5
Qxd4 9. Bxa8 Qxe5 10. Bf3 Nd5 11. Qxc4 Bf6 12. Nd2 c5 13. Ne4 Nc6 14. Bf4 Qxb2
15. Rad1 Nd4 16. Bd6 Nxf3+ 17. exf3 Rd8 18. Rd2 Qa3 19. Nxf6+ Nxf6 20. Bxc5 1-0

[Event "World Rapid 2025"]
[Site "Doha QAT"]
[Date "2025.12.28"]
[Round "13.25"]
[White "Gurel, Ediz"]
[Black "Matlakov, Maxim"]
[Result "1-0"]
[WhiteTitle "GM"]
[BlackTitle "GM"]
[WhiteElo "2645"]
[BlackElo "2606"]
[WhiteFideId "44507356"]
[BlackFideId "4168003"]
[EventDate "2025.12.26"]

1. e4 c5 2. Nf3 e6 3. d4 cxd4 4. Nxd4 Nc6 5. Nc3 a6 6. Nxc6 bxc6 7. Bd3 d5 8.
O-O Nf6 9. Qe2 Be7 10. b3 Bb7 11. Bb2 Qc7 12. Rae1 O-O 13. f4 g6 14. Kh1 Rfe8
15. Qf3 c5 16. exd5 exd5 17. f5 g5 18. Qh3 d4 19. Bc1 dxc3 20. Bxg5 Qc6 21. Rf3
Bf8 22. Re6 fxe6 23. Bxf6 Qd6 24. Qg4+ Kf7 25. fxe6+ Rxe6 26. Qh5+ 1-0